000 007040000a22001930004500
090 _aAR
_b03075
245 1 0 _aNotes on species of the genus Tetanorhynchus with the descriptions of two new species (<Orthoptera; Acridoidea; Proscopiidae>)
650 1 4 _aInsectos
_992622
650 1 4 _aEntomología
_94483
650 1 4 _aNuevas especies
_992905
650 1 4 _aTaxonomía animal
_98245
650 1 4 _aInventarios de insectos
_993273
650 1 4 _aDistribución geográfica
_992997
651 4 _dBahía de Salvador
_pBrasil
_992749
041 0 _aInglés
100 1 _aRehn, James A.
_996670
942 _cARTICULO
773 1 _tProceedings of the Academy of Natural Sciences Philadelphia
_3123
_q106-121
_d1957
_g109
999 _c12132
_d12132